000 00632nam a2200241Ia 4500
003 OSt
005 20220924121109.0
006 a|||||r|||| 00| 0
007 ta
008 220923b |||||||| |||| 00| 0 san d
024 _a34180
037 _cTextual
040 _aARTS
_cARTS
_bsan
041 _2san
_asan
082 _aO15,2D43,1, 111K6.2
100 _aSyamilaka
_9184318
245 0 _aPadataditaka
260 _aDordrecht
_bDReidel
_c1976
300 _aviii,261p.
_ccm.
650 _aSANSKRIT LITERATURE
942 _hO15,2D43,1, 111K6.2
_cTEXL
_2CC
999 _c405851
_d405851